Inside Rhinoceros 5 (Record no. 232439)

MARC details
000 -LEADER
fixed length control field 00398nam a2200157Ia 4500
005 - DATE AND TIME OF LATEST TRANSACTION
control field 20241203162850.0
008 - FIXED-LENGTH DATA ELEMENTS--GENERAL INFORMATION
fixed length control field 231221s9999 xx 000 0 und d
020 ## - INTERNATIONAL STANDARD BOOK NUMBER
International Standard Book Number 9781111124915
082 ## - DEWEY DECIMAL CLASSIFICATION NUMBER
Classification number 006.6 CHE;1 R
100 ## - MAIN ENTRY--PERSONAL NAME
Personal name Cheng, Ron K C.
245 #0 - TITLE STATEMENT
Title Inside Rhinoceros 5
260 ## - PUBLICATION, DISTRIBUTION, ETC. (IMPRINT)
Date of publication, distribution, etc. 2014
Name of publisher, distributor, etc. Cengage Learning
Place of publication, distribution, etc. Australia
300 ## - PHYSICAL DESCRIPTION
Extent vii, 648
650 ## - SUBJECT ADDED ENTRY--TOPICAL TERM
Topical term or geographic name as entry element Inside,rhinceros,5
942 ## - ADDED ENTRY ELEMENTS (KOHA)
Koha item type Arch Books
Holdings
Date last seen Total Checkouts Full call number Accession number Old discount Cost, replacement price Price effective from Category Lost status Source of classification or shelving scheme Damaged status Department Withdrawn status bill no. Permanent Location Current Location Shelving location Entry date Vendor Cost, normal purchase price Grants Currency symbol Conversion rate Discount Discount type
26/01/2024   006.6 CHE;1 R AR634 28 7643.57 26/01/2024 Arch Books   Dewey Decimal Classification       424 Central Library Central Library Central Library 19/09/2016 Surya Book Supplier 149.95 Design USD 70.8 41.99 Rupees

© For any Suggestions or Query, please contact the library staff @ librarian@pes.edu or Phone: +9180 2672 1983/ 2108.